| 000 | 01114cam a2200217 4500 | ||
|---|---|---|---|
| 001 | ABS66717 | ||
| 008 | 030527n2003 000 0 eng u | ||
| 035 | _a(Sirsi) u122412 | ||
| 100 | _aKernan, P. | ||
| 245 | _aJourney to the next dimension | ||
| 260 | _c2003 | ||
| 490 |
_aConstruction Manager _v May 2003, 26-28(3) |
||
| 520 | _aLooks at the future of data-centric modelling, where an on-screen design inventory can give project team partners instant access to all essential information. Suggests that this may help solve the problem of co-ordinating the volume of information which is produced by the multiple partners of a project. A new Partners in Innovation research project is examining the development of the integration of data into CAD drawings. Table produces the results of case studies of projects which have looked at this type of management system. | ||
| 590 | _aABS | ||
| 650 | _aDATA-CENTRIC MODELLING | ||
| 650 | _aPARTNERS IN INNOVATION | ||
| 650 | _aCAD MANAGEMENT | ||
| 650 |
_aProcurement _96260 |
||
| 690 | _aMANAGEMENT-BUSINESS MANAGEMENT-INFORMATION MANAGEMENT | ||
| 942 | _n0 | ||
| 999 |
_c72761 _d72761 |
||